01117nam a2200265 i 450000100060000000300090000600500170001500700030003200800410003502000180007608000210009411100960011524501140021126000510032530000210037649000320039750000690042965000660049871000450056471000410060983000400065085200220069099900170071295201220072966557ES-MaACL20250803014909.0t|940627s1994 sp |||| | spa d a84-604-8888-8 a316.32(460)(063)2 aJornadas sobre la Vertebración de la Sociedad Española (n4ª. d1994.cBarcelona)988110aIV Jornadas sobre la Vertebración de la Sociedad b: [Barcelona, 18 de noviembre y 2 de diciembre de 1993]. aMadrid : bFundación Independiente, c[1994] a76 p. ; c22 cm.1 aCuadernos de sociedad ; v4 aJornadas celebradas en colaboración con el Círculo Ecuestre.14aEstructura social-zEspaña-vCongresos y asambleas.91683352 aFundación Independiente (Madrid)943252 aCírculo Ecuestre (Barcelona)928330 aCuadernos de sociedad ; v49179224 aES-MaACLjL-27075 c66557d66557 00104070aATENEOMbATENEOMcDEPO2d2008-01-17eSCl0oL-27075p1069719r2023-02-23 00:00:00w2023-02-23yMONOGRAFIA